[Event "FIDE World Blitz 2013"]
[Site "Khanty-Mansiysk RUS"]
[Date "2013.06.10"]
[Round "27.26"]
[White "Al-Sayed, Mohammed"]
[Black "Frolyanov, Dmitry"]
[Result "0-1"]
[WhiteTitle "GM"]
[BlackTitle "GM"]
[WhiteElo "2498"]
[BlackElo "2570"]
[WhiteFideId "12100196"]
[BlackFideId "4151976"]
[EventDate "2013.06.09"]

1. d4 d5 2. c4 e6 3. Nc3 c6 4. e4 dxe4 5. Nxe4 Bb4+ 6. Bd2 Qxd4 7. Bxb4 Qxe4+ 8.
Be2 Na6 9. Ba5 b6 10. Qd6 Bd7 11. Bc3 Nf6 12. O-O-O O-O-O 13. f3 Qe3+ 14. Kc2 e5
15. Qxe5 Nb4+ 16. Kb3 Qxe5 17. Bxe5 c5 18. Bc3 a5 19. a4 Bf5 20. Rxd8+ Rxd8 21.
Nh3 Re8 22. Re1 Bc2+ 23. Ka3 Bf5 24. Bd1 Rxe1 25. Bxe1 Bc2 26. Be2 Bd3 27. Bxd3
Nxd3 28. Bc3 Kd7 29. Ng5 h6 30. Nxf7 Ke6 31. Nd8+ Kd7 32. Nf7 Ke6 33. Nd8+ Kd7
34. Nf7 Ke6 35. Bxf6 Kxf6 36. Nd6 Ne1 37. Nc8 Nxg2 38. Nxb6 Ke6 39. Nd5 Ne1 40.
f4 Nf3 41. h3 h5 42. b4 cxb4+ 43. Kb3 Nd4+ 44. Kb2 h4 45. Ne3 Ne2 46. f5+ Ke5
47. c5 Nf4 48. c6 Kd6 49. Nc4+ Kxc6 50. Nxa5+ Kc7 51. Nb3 Nxh3 52. Nd4 Nf4 53.
Kb3 h3 54. Nf3 Nd5 55. Kc4 Ne7 56. f6 gxf6 57. Kxb4 Nf5 58. Kc3 Ne3 59. Nh2 f5
60. Kd3 Ng4 61. Nf1 h2 62. Nxh2 Nh6 0-1

[Event "FIDE World Blitz 2013"]
[Site "Khanty-Mansiysk RUS"]
[Date "2013.06.10"]
[Round "27.27"]
[White "Kabanov, Nikolai"]
[Black "Nadanian, Ashot"]
[Result "0-1"]
[WhiteTitle "GM"]
[BlackTitle "IM"]
[WhiteElo "2472"]
[BlackElo "2428"]
[WhiteFideId "4127820"]
[BlackFideId "13300393"]
[EventDate "2013.06.09"]

1. e4 c5 2. Nf3 e6 3. c4 Nc6 4. Be2 Nf6 5. Nc3 d5 6. exd5 exd5 7. d4 Be6 8. cxd5
Nxd5 9. O-O Nxc3 10. bxc3 cxd4 11. cxd4 Be7 12. Bb5 O-O 13. Bxc6 bxc6 14. Ne5
Bd5 15. Qc2 Rc8 16. Be3 Bd6 17. Rab1 Qc7 18. f4 Rfe8 19. Bd2 f6 20. Nc4 Bf8 21.
Rfe1 Qd7 22. Ne3 Be4 23. Qc4+ Kh8 24. Rb2 Rcd8 25. Bc3 Bg6 26. Rbe2 Bh5 27. Rf2
Bf7 28. Qa4 c5 29. Qxd7 Rxd7 30. d5 c4 31. Rd2 Bc5 32. Bd4 Bb4 33. Rde2 Bxe1 34.
Rxe1 Rxd5 35. Bxa7 Ra5 36. Bb6 Rxa2 37. Rc1 Ra4 38. Nf5 Rb8 39. Bf2 Bg6 40. Nd6
Bd3 41. f5 Rb1 42. Rxb1 Bxb1 43. Bd4 Rb4 44. Kf2 Bd3 45. Ke3 Rb3 46. Kd2 Ra3 47.
Ke3 Bxf5+ 48. Kf4 Bg6 49. Nxc4 Ra4 0-1

[Event "FIDE World Blitz 2013"]
[Site "Khanty-Mansiysk RUS"]
[Date "2013.06.10"]
[Round "27.28"]
[White "Ram, S. Krishnan"]
[Black "Byambaa, Zulzaga"]
[Result "1-0"]
[BlackTitle "FM"]
[WhiteElo "2248"]
[BlackElo "2285"]
[WhiteFideId "5010519"]
[BlackFideId "4900642"]
[EventDate "2013.06.09"]

1. d4 Nf6 2. Nf3 g6 3. c4 d5 4. cxd5 Nxd5 5. e4 Nb6 6. h3 Bg7 7. Nc3 O-O 8. Be2
N8d7 9. Be3 c6 10. O-O e5 11. Rc1 exd4 12. Nxd4 Nf6 13. a4 a6 14. Nxc6 bxc6 15.
Qxd8 Rxd8 16. Bxb6 Re8 17. Bd3 Rb8 18. a5 Nd7 19. Na4 Bb7 20. Rfd1 Nxb6 21. axb6
Bd4 22. Nc5 Bxb2 23. Rb1 Bd4 24. Rdc1 Bxc5 25. Rxc5 Red8 26. Bc2 Rd4 27. Kf1 Kf8
28. Ke2 Ke7 29. Ke3 Rbd8 30. Rc3 f6 31. Bd3 g5 32. Ra3 c5 33. Rc3 Ke6 34. f3 Kd6
35. Rbc1 Rc8 36. Bc4 Ke5 37. g3 f5 38. exf5 Kxf5 39. Bd3+ Kf6 40. Rxc5 Rxc5 41.
Rxc5 Rb4 42. Rf5+ Ke7 43. Rxg5 Rxb6 44. Rg7+ Kf6 45. Rxh7 Rb3 46. f4 a5 47. Rh6+
Ke7 48. Rh5 a4 49. Ra5 a3 50. Kd2 Rb2+ 51. Kc3 Rg2 52. g4 Rg3 53. Ra7 1-0

[Event "FIDE World Blitz 2013"]
[Site "Khanty-Mansiysk RUS"]
[Date "2013.06.10"]
[Round "27.29"]
[White "Lagno, Kateryna"]
[Black "Akbaev, Kazbek"]
[Result "1-0"]
[WhiteTitle "GM"]
[BlackTitle "IM"]
[WhiteElo "2542"]
[BlackElo "2475"]
[WhiteFideId "14109336"]
[BlackFideId "4131045"]
[EventDate "2013.06.09"]

1. Nf3 Nf6 2. g3 d5 3. Bg2 h6 4. c4 c6 5. d3 Bf5 6. cxd5 cxd5 7. Qb3 Qc8 8. Nc3
e6 9. O-O Nc6 10. Bf4 a6 11. Na4 Qd8 12. Qxb7 Na5 13. Qb6 Qxb6 14. Nxb6 Ra7 15.
Rac1 Be7 16. b4 Nb7 17. Bb8 O-O 18. Bxa7 e5 19. Rc7 1-0

[Event "FIDE World Blitz 2013"]
[Site "Khanty-Mansiysk RUS"]
[Date "2013.06.10"]
[Round "27.30"]
[White "Gordievsky, Dmitry"]
[Black "Sibriaev, Aleksandr"]
[Result "1-0"]
[WhiteTitle "FM"]
[BlackTitle "FM"]
[WhiteElo "2474"]
[BlackElo "2239"]
[WhiteFideId "24112798"]
[BlackFideId "4116070"]
[EventDate "2013.06.09"]

1. b3 d5 2. Bb2 Nf6 3. e3 Bf5 4. Be2 e6 5. f4 c5 6. Nf3 Nc6 7. O-O Be7 8. Nh4
Bg6 9. f5 exf5 10. Nxf5 Bxf5 11. Rxf5 Qd7 12. Qf1 O-O-O 13. Nc3 Kb8 14. Rd1 Qe6
15. Na4 h5 16. Bxf6 gxf6 17. c4 d4 18. Nxc5 Bxc5 19. Rxc5 Ne5 20. Qf4 d3 21. Bf3
h4 22. Rb5 Rd7 23. h3 Kc8 24. Rc5+ Kd8 25. Bg4 Nxg4 26. hxg4 Ke7 27. Rf1 h3 28.
gxh3 Rxh3 29. Kg2 Rh8 30. Rf5 Rd6 1-0

[Event "FIDE World Blitz 2013"]
[Site "Khanty-Mansiysk RUS"]
[Date "2013.06.10"]
[Round "28.2"]
[White "Mamedov, Rauf"]
[Black "Nguyen, Ngoc Truong Son"]
[Result "0-1"]
[WhiteTitle "GM"]
[BlackTitle "GM"]
[WhiteElo "2637"]
[BlackElo "2625"]
[WhiteFideId "13401653"]
[BlackFideId "12401110"]
[EventDate "2013.06.09"]

1. e4 e6 2. Qe2 c5 3. Nf3 Nc6 4. g3 d6 5. Bg2 g6 6. c3 Bg7 7. O-O Nge7 8. Rd1 d5
9. d3 O-O 10. h4 e5 11. Nbd2 Bg4 12. Nf1 Qd7 13. Ne3 Be6 14. Ng5 d4 15. Nxe6
Qxe6 16. Nd5 Qd6 17. h5 Nxd5 18. exd5 Ne7 19. c4 f5 20. Bg5 Rae8 21. Re1 h6 22.
Bxe7 Rxe7 23. hxg6 e4 24. dxe4 f4 25. Qg4 Be5 26. Rad1 Rf6 27. Qh5 Rxg6 28. gxf4
Bxf4 29. e5 Bxe5 30. Kh1 Rg5 31. Qh3 Qf6 32. Rd3 Qg6 33. Be4 Qh5 34. Qxh5 Rxh5+
35. Kg2 Rg7+ 36. Kf1 Bd6 37. Ke2 Re5 38. Kd1 Rge7 39. Rg3+ Kf8 40. Rf3+ Kg8 41.
Rg1+ Rg5 42. Rxg5+ hxg5 43. Bf5 Bf4 44. Be6+ Kg7 45. Rh3 Kf6 46. Ke2 Ke5 47. Kd3
b6 48. Rh8 Rg7 49. Rf8 Kd6 50. Bg4 Re7 51. Rf6+ Kc7 52. Be6 Rh7 53. Ke4 Rh2 54.
Rf7+ Kb8 55. d6 Bxd6 56. Kd5 Bf4 57. Kc6 Rh8 58. Rb7+ Ka8 59. Bd5 Rd8 60. Rf7
Rd6+ 61. Kb5+ Kb8 62. Rb7+ Kc8 63. Rxa7 d3 64. Ra3 d2 65. Rd3 Kc7 66. a3 Rh6 67.
b4 Rh3 68. Rxh3 d1=Q 69. Rh7+ Kd6 70. Kxb6 cxb4 71. axb4 Qd4+ 72. Kb5 Bd2 73.
Rh6+ Ke7 74. Re6+ Kf8 75. Rb6 Qxf2 76. Rb8+ Ke7 77. Rb7+ Kd6 78. Rb6+ Ke5 79.
Re6+ Kd4 80. Re4+ Kc3 81. c5 Bf4 82. Rc4+ Kd3 83. Be4+ Ke3 84. Bd5 Qd2 85. Re4+
Kf2 86. Bc4 Qd7+ 87. c6 Qf5+ 0-1

[Event "FIDE World Blitz 2013"]
[Site "Khanty-Mansiysk RUS"]
[Date "2013.06.10"]
[Round "28.8"]
[White "Rublevsky, Sergei"]
[Black "Sargissian, Gabriel"]
[Result "0-1"]
[WhiteTitle "GM"]
[BlackTitle "GM"]
[WhiteElo "2695"]
[BlackElo "2671"]
[WhiteFideId "4115309"]
[BlackFideId "13300881"]
[EventDate "2013.06.09"]

1. e4 e5 2. Nf3 Nc6 3. d4 exd4 4. Nxd4 Bb4+ 5. c3 Bc5 6. Be3 Bb6 7. Nf5 g6 8.
Bxb6 axb6 9. Ne3 Nf6 10. f3 Qe7 11. c4 Qb4+ 12. Qd2 Qxd2+ 13. Kxd2 d6 14. Nc3
Kd8 15. Bd3 Ne5 16. Be2 Re8 17. g4 Nfd7 18. h4 Nc5 19. Ned5 h6 20. Nf6 Rh8 21.
g5 Ne6 22. Ke3 Nd7 23. f4 c6 24. f5 Ng7 25. Kf4 gxf5 26. Rad1 Kc7 27. exf5 Ne5
28. Nce4 Nxf5 29. Nxd6 Ng6+ 30. Ke4 Nxd6+ 31. Kd4 Nxh4 32. Kc3 hxg5 33. Rhf1 Be6
34. Kd4 0-1

[Event "FIDE World Blitz 2013"]
[Site "Khanty-Mansiysk RUS"]
[Date "2013.06.10"]
[Round "28.9"]
[White "Ponkratov, Pavel"]
[Black "Safarli, Eltaj"]
[Result "0-1"]
[WhiteTitle "GM"]
[BlackTitle "GM"]
[WhiteElo "2605"]
[BlackElo "2660"]
[WhiteFideId "4157800"]
[BlackFideId "13402129"]
[EventDate "2013.06.09"]

1. e4 c5 2. Nf3 e6 3. d4 cxd4 4. Nxd4 Nf6 5. Nc3 Nc6 6. Ndb5 Bc5 7. Nd6+ Ke7 8.
Bf4 e5 9. Nf5+ Kf8 10. Bg5 Bb4 11. Bc4 d5 12. Bxf6 Qxf6 13. Bxd5 Bxf5 14. exf5
Qxf5 15. O-O Rd8 16. a3 Bxc3 17. bxc3 Ne7 18. c4 Nxd5 19. cxd5 Qe4 20. d6 f6 21.
Qd2 Kf7 22. Rab1 Rd7 23. c3 Rhd8 24. f4 exf4 25. Rbe1 Qc6 26. Rxf4 Qxd6 27. Rd4
Qc5 28. Re4 Rxd4 29. cxd4 Qxa3 30. h3 Qd6 31. Qa2+ Qd5 32. Qe2 Rd7 33. Kh1 a5
34. Rh4 h6 35. Rh5 Qxd4 36. Qa2+ Kf8 37. Rxa5 Qd1+ 38. Kh2 Qd6+ 39. Kh1 Qd1+ 40.
Kh2 Qd6+ 41. Kh1 Rd8 42. Ra7 Re8 43. Qa5 Qd1+ 44. Kh2 Qd6+ 45. Kh1 Re7 46. Ra8+
Kf7 47. Qa2+ Qe6 48. Qa4 Qe1+ 49. Kh2 Qe5+ 50. Kh1 Qd5 51. Qb4 Qe4 52. Qb3+ Qe6
53. Qa4 Kg6 54. Qc2+ Qe4 55. Qb3 Qe6 56. Qc2+ Qf5 57. Qc1 Kh7 58. Qc4 Re1+ 59.
Kh2 Qe5+ 0-1

[Event "FIDE World Blitz 2013"]
[Site "Khanty-Mansiysk RUS"]
[Date "2013.06.10"]
[Round "28.11"]
[White "Khismatullin, Denis"]
[Black "Zvjaginsev, Vadim"]
[Result "1-0"]
[WhiteTitle "GM"]
[BlackTitle "GM"]
[WhiteElo "2658"]
[BlackElo "2659"]
[WhiteFideId "4142578"]
[BlackFideId "4113403"]
[EventDate "2013.06.09"]

1. Nf3 c5 2. b3 Nc6 3. Bb2 d5 4. e3 a6 5. c4 e6 6. cxd5 exd5 7. d4 Nf6 8. Be2
cxd4 9. Nxd4 Bb4+ 10. Bc3 Bd6 11. Nd2 O-O 12. O-O Re8 13. Re1 Bd7 14. Rc1 Qe7
15. h3 Ba3 16. Rb1 Rac8 17. Nxc6 Rxc6 18. Bxf6 Qxf6 19. Nf3 Bf5 20. Bd3 Be4 21.
Nd4 Rcc8 22. Bxe4 dxe4 23. b4 Rc3 24. Rb3 Rec8 25. Qg4 h5 26. Qxe4 Rxb3 27. Nxb3
Qc3 28. Rd1 Qxb4 29. Qf5 Qc4 30. Qxh5 g6 31. Qf3 Qc6 32. Qg4 Bf8 33. Rd7 b5 34.
Nd4 Qf6 35. f4 Rc1+ 36. Kh2 Bc5 37. Rc7 Rc4 38. Qc8+ Bf8 39. Rxc4 bxc4 40. Qxc4
Qe7 41. Qd3 a5 42. a4 Qb4 43. Qb3 Qd2 44. Nf3 Qe2 45. Ne5 1-0

[Event "FIDE World Blitz 2013"]
[Site "Khanty-Mansiysk RUS"]
[Date "2013.06.10"]
[Round "28.13"]
[White "Najer, Evgeniy"]
[Black "Akopian, Vladimir"]
[Result "1/2-1/2"]
[WhiteTitle "GM"]
[BlackTitle "GM"]
[WhiteElo "2633"]
[BlackElo "2691"]
[WhiteFideId "4118987"]
[BlackFideId "13300032"]
[EventDate "2013.06.09"]

1. e4 c5 2. Nf3 Nc6 3. Bb5 Na5 4. c3 a6 5. Ba4 b5 6. Bc2 e6 7. d4 cxd4 8. cxd4
Nf6 9. O-O Bb7 10. Re1 Rc8 11. Nbd2 Nc4 12. Nf1 Bb4 13. Re2 O-O 14. Ng3 d5 15.
e5 Ne4 16. Nxe4 dxe4 17. Bxe4 Bxe4 18. Rxe4 Nb6 19. Rg4 f5 20. exf6 Qxf6 21. h3
Nd5 22. Qe2 Bd6 23. Bg5 Qf5 24. Re1 Rfe8 25. Re4 Nc7 26. Bh4 Qd5 27. Bg3 Bxg3
28. fxg3 Qd6 29. Kh2 Rf8 30. Re5 Rf5 31. Rxf5 exf5 32. Qe5 Qxe5 33. Rxe5 Rf8 34.
Rc5 Ne8 35. Rc6 Rf6 36. Rc8 Kf8 37. Ne5 Ke7 38. Kg1 f4 39. g4 Rd6 40. Kf2 Nf6
41. Rc7+ Ke6 42. Nf3 Ne4+ 43. Ke2 Kf6 44. Kd3 Nf2+ 45. Ke2 Ne4 46. a3 Re6 47.
Kd3 Nf2+ 48. Kd2 Ne4+ 49. Kc2 Nd6 50. Ne5 g6 51. Kd3 Nc4 52. Nxc4 bxc4+ 53. Rxc4
Re3+ 54. Kd2 Rg3 55. Rc6+ Kg5 56. d5 Rxg2+ 57. Kd3 Rxb2 58. d6 Rb1 59. Ke4 Re1+
60. Kd5 f3 61. d7 Rd1+ 62. Ke6 f2 63. Rd6 Re1+ 64. Kd5 f1=Q 65. d8=Q+ Kh6 66.
Qh4+ Kg7 67. Rd7+ Kf8 68. Qd8+ Re8 69. Qc7 Qd3+ 70. Kc5 Qb5+ 71. Kd6 Qd3+ 72.
Kc5 Qb5+ 73. Kd4 Qb2+ 74. Kd5 Qb3+ 75. Kc5 Qb5+ 76. Kd4 Qb2+ 77. Kd5 Qb3+ 78.
Kd4 Qb2+ 79. Kd5 Qb3+ 80. Kd4 Qa4+ 81. Kd5 Qb3+ 82. Kd4 Qe3+ 83. Kd5 Qd3+ 84.
Kc6 Qb5+ 85. Kd6 Qd3+ 86. Kc6 Qb5+ 87. Kd6 Qd3+ 88. Kc5 Qb5+ 89. Kd6 Qd3+ 90.
Kc5 Qb5+ 91. Kd6 Qd3+ 1/2-1/2

[Event "FIDE World Blitz 2013"]
[Site "Khanty-Mansiysk RUS"]
[Date "2013.06.10"]
[Round "28.14"]
[White "Grachev, Boris"]
[Black "Moiseenko, Alexander"]
[Result "1/2-1/2"]
[WhiteTitle "GM"]
[BlackTitle "GM"]
[WhiteElo "2683"]
[BlackElo "2711"]
[WhiteFideId "4129199"]
[BlackFideId "14102560"]
[EventDate "2013.06.09"]

1. d4 Nf6 2. Nf3 e6 3. Bf4 c5 4. e3 Qb6 5. Qc1 Nc6 6. c3 Nh5 7. Bg3 Nxg3 8. hxg3
d5 9. Nbd2 g6 10. Be2 Bg7 11. O-O O-O 12. Rd1 cxd4 13. exd4 Bd7 14. Nb3 Rfd8 15.
Nc5 Rac8 16. Qd2 Qc7 17. Re1 b6 18. Nxd7 Qxd7 19. Bb5 Qb7 20. Bxc6 Qxc6 21. Ne5
Bxe5 22. Rxe5 b5 23. a3 a5 24. Qf4 b4 25. axb4 axb4 26. Re3 Ra8 27. Rxa8 Rxa8
28. Rf3 Rf8 29. g4 bxc3 30. bxc3 Qb7 31. g5 Ra8 32. Kh2 Qb8 33. Kg3 Qxf4+ 34.
Kxf4 Ra2 35. Ke5 Kg7 36. g3 Rb2 37. Kd6 Ra2 38. Ke7 Ra7+ 39. Ke8 Ra8+ 40. Ke7
Ra7+ 41. Ke8 Ra8+ 42. Kd7 Ra7+ 43. Kd6 Ra6+ 44. Kd7 Ra7+ 45. Kc6 Ra6+ 46. Kd7
Ra7+ 1/2-1/2

[Event "FIDE World Blitz 2013"]
[Site "Khanty-Mansiysk RUS"]
[Date "2013.06.10"]
[Round "28.16"]
[White "Guseinov, Gadir"]
[Black "Khairullin, Ildar"]
[Result "0-1"]
[WhiteTitle "GM"]
[BlackTitle "GM"]
[WhiteElo "2631"]
[BlackElo "2658"]
[WhiteFideId "13401378"]
[BlackFideId "4151348"]
[EventDate "2013.06.09"]

1. e4 e5 2. Nf3 Nc6 3. Bb5 a6 4. Bxc6 dxc6 5. O-O Qf6 6. d4 exd4 7. Bg5 Qd6 8.
Nxd4 Bd7 9. Nc3 Be7 10. Be3 O-O-O 11. Qf3 Qf6 12. Qg3 Qg6 13. Rad1 Nf6 14. f3
Rhe8 15. Qf2 Bd6 16. Nde2 Nh5 17. Bf4 Nxf4 18. Nxf4 Qg5 19. Nd3 Kb8 20. Kh1 Qg6
21. Ne2 f5 22. e5 Bxe5 23. Nxe5 Rxe5 24. Nf4 Qe8 25. Qg3 Re7 26. Rde1 Bc8 27. h4
Rd2 28. Rxe7 Qxe7 29. Re1 Qf7 30. Qg5 h6 31. Qe7 Qxe7 32. Rxe7 g5 33. Ng6 b5 34.
h5 Rxc2 35. Rh7 g4 36. fxg4 fxg4 37. Kh2 Bf5 38. Rxh6 Be4 39. Nf4 Rxb2 40. Re6
Bb1 41. h6 Rd2 42. Kg3 c5 43. Re1 Bh7 44. Re7 Bb1 45. Re1 Bh7 46. Re7 Bb1 47.
Kxg4 c4 48. Re1 Bh7 49. Kg5 c3 50. g4 c2 51. Rc1 Rd1 52. Ne2 Bd3 53. Kf6 Bxe2
54. h7 Rxc1 55. h8=Q+ Ka7 56. Ke7 Rd1 0-1

[Event "FIDE World Blitz 2013"]
[Site "Khanty-Mansiysk RUS"]
[Date "2013.06.10"]
[Round "28.17"]
[White "Artemiev, Vladislav"]
[Black "Pridorozhni, Aleksei"]
[Result "1-0"]
[WhiteTitle "IM"]
[BlackTitle "GM"]
[WhiteElo "2524"]
[BlackElo "2512"]
[WhiteFideId "24101605"]
[BlackFideId "4127870"]
[EventDate "2013.06.09"]

1. b3 Nf6 2. Bb2 g6 3. Bxf6 exf6 4. c4 Bg7 5. Nc3 O-O 6. g3 f5 7. Rc1 c6 8. Bg2
d6 9. e3 Nd7 10. Nge2 Nf6 11. O-O h5 12. h4 Bd7 13. d4 Qe7 14. b4 a6 15. d5 Rac8
16. dxc6 bxc6 17. Qd2 Rfd8 18. Rfd1 Be6 19. Nd4 Bd7 20. b5 axb5 21. cxb5 cxb5
22. Ndxb5 Bxb5 23. Nxb5 Rxc1 24. Rxc1 Ne4 25. Bxe4 Qxe4 26. Qa5 Ra8 27. Qd2 d5
28. Rd1 Rd8 29. Nc3 Bxc3 30. Qxc3 Qa4 31. Rd2 Qb5 32. Rb2 Qa4 33. a3 Qa6 34. Kh2
f4 35. exf4 d4 36. Qf3 d3 37. Rd2 Qxa3 38. f5 Qc3 39. fxg6 fxg6 40. Qe3 Qc4 41.
Qg5 Rd6 42. Qe7 Qc6 43. Rb2 1-0

[Event "FIDE World Blitz 2013"]
[Site "Khanty-Mansiysk RUS"]
[Date "2013.06.10"]
[Round "28.19"]
[White "Rakhmanov, Aleksandr"]
[Black "Kurnosov, Igor"]
[Result "0-1"]
[WhiteTitle "GM"]
[BlackTitle "GM"]
[WhiteElo "2602"]
[BlackElo "2657"]
[WhiteFideId "4173708"]
[BlackFideId "4142527"]
[EventDate "2013.06.09"]

1. c4 Nf6 2. Nf3 g6 3. Nc3 Bg7 4. g3 c5 5. Bg2 O-O 6. O-O Nc6 7. d4 cxd4 8. Nxd4
Qa5 9. Nc2 d6 10. Ne3 Be6 11. Bd2 Qh5 12. Ncd5 Ng4 13. Nxg4 Bxg4 14. Nf4 Qc5 15.
Rc1 Bxb2 16. Nd3 Qa3 17. Rb1 Bf6 18. Rxb7 Nd4 19. f3 Be6 20. Rb4 Qxa2 21. Ra4
Qb3 22. Qxb3 Nxb3 23. Be3 a5 24. Rb1 Rab8 25. Kf2 Rfc8 26. c5 dxc5 27. Nf4 Bf5
28. Rd1 Bc2 29. Rd7 c4 30. Nd5 Nc5 31. Bxc5 Bxa4 32. Bxe7 Bxd7 33. Nxf6+ Kg7 34.
Nxd7 Rb7 35. Bf6+ Kg8 36. Ne5 c3 37. f4 Rb6 38. Nd7 Rd6 39. Bh3 c2 40. Bb2 c1=Q 0-1

[Event "FIDE World Blitz 2013"]
[Site "Khanty-Mansiysk RUS"]
[Date "2013.06.10"]
[Round "28.20"]
[White "Georgiev, Kiril"]
[Black "Skatchkov, Pavel"]
[Result "1/2-1/2"]
[WhiteTitle "GM"]
[BlackTitle "GM"]
[WhiteElo "2636"]
[BlackElo "2486"]
[WhiteFideId "2900017"]
[BlackFideId "4121848"]
[EventDate "2013.06.09"]

1. d4 d5 2. Nf3 Nf6 3. Bg5 Ne4 4. Bf4 Bf5 5. e3 e6 6. Bd3 Bd6 7. Bxd6 Qxd6 8.
O-O O-O 9. c4 c6 10. Nc3 Nxc3 11. bxc3 Bxd3 12. Qxd3 Nd7 13. Rab1 b6 14. h3 Nf6
15. cxd5 cxd5 16. c4 dxc4 17. Qxc4 Rfc8 18. Qb3 Qd5 19. Rfc1 Qxb3 20. axb3 Kf8
21. Ne5 Nd5 22. Kf1 f6 23. Nd3 a5 24. Ke1 Ke7 25. Kd2 Kd7 26. e4 Ne7 27. Nf4 Nc6
28. d5 exd5 29. Nxd5 Rab8 30. Ke3 Ne7 31. Nf4 Rxc1 32. Rxc1 b5 33. Nd3 Rc8 34.
Ra1 Nc6 35. f4 Kd6 36. g4 h6 37. h4 Rc7 38. h5 Rc8 39. Rd1 Ke7 40. Rc1 Kd6 41.
Rc5 a4 42. Rxb5 a3 43. Rc5 a2 44. Rc1 Nb4 45. e5+ fxe5 46. fxe5+ Ke7 47. Nxb4
Rxc1 48. Nxa2 Rc2 49. Nb4 Rc3+ 50. Ke4 Rxb3 51. Nd5+ Kf7 52. Nf4 Rb4+ 53. Kf5
Rb5 54. Ne6 Ra5 55. Nd8+ Ke8 56. Ne6 Kf7 57. Nd8+ Ke8 58. Ne6 Kf7 59. Nd8+ Ke8
60. Ne6 Ra7 61. Kg6 Ra6 62. Kf5 Kf7 63. Nf4 Ra1 64. Ng6 Rf1+ 65. Nf4 Rf2 66. Ke4 1/2-1/2

[Event "FIDE World Blitz 2013"]
[Site "Khanty-Mansiysk RUS"]
[Date "2013.06.10"]
[Round "28.21"]
[White "Salem, A.R. Saleh"]
[Black "Ghaem Maghami, Ehsan"]
[Result "0-1"]
[WhiteTitle "GM"]
[BlackTitle "GM"]
[WhiteElo "2531"]
[BlackElo "2554"]
[WhiteFideId "9301348"]
[BlackFideId "12500739"]
[EventDate "2013.06.09"]

1. Nf3 Nf6 2. c4 e6 3. Nc3 Bb4 4. g4 h6 5. Qc2 d5 6. a3 Be7 7. d4 dxc4 8. g5
hxg5 9. Bxg5 a6 10. O-O-O b5 11. e4 Nbd7 12. d5 e5 13. Rg1 Nh5 14. d6 cxd6 15.
Rxd6 f6 16. Re6 Nc5 17. Rxe7+ Qxe7 18. Nd5 Qf7 19. Be3 Nb3+ 20. Kb1 Be6 21. Bxc4
bxc4 22. Qxc4 Bxd5 23. exd5 Rb8 24. Rd1 O-O 25. Nh4 Nd4 26. Rg1 Rfc8 27. Qd3 Qb7
28. Bxd4 exd4 29. Qxd4 Rc4 30. Qd2 Rxh4 31. d6 Qe4+ 32. Ka1 Qd4 0-1

[Event "FIDE World Blitz 2013"]
[Site "Khanty-Mansiysk RUS"]
[Date "2013.06.10"]
[Round "28.22"]
[White "Vasquez Schroeder, Rodrigo"]
[Black "Bezgodov, Alexei"]
[Result "0-1"]
[WhiteTitle "GM"]
[BlackTitle "GM"]
[WhiteElo "2542"]
[BlackElo "2482"]
[WhiteFideId "3400042"]
[BlackFideId "4105257"]
[EventDate "2013.06.09"]

1. e4 e5 2. Nf3 Nc6 3. Bc4 Bc5 4. b4 Be7 5. b5 Na5 6. Be2 Nf6 7. Nc3 d6 8. O-O
O-O 9. Bb2 Bg4 10. d3 c6 11. a4 a6 12. Rb1 axb5 13. axb5 Re8 14. Bc1 Qd7 15. Bd2
Bd8 16. Qc1 d5 17. bxc6 bxc6 18. h3 Bh5 19. Qd1 Bg6 20. exd5 Nxd5 21. Re1 f6 22.
Bf1 Nb7 23. Ne4 Nd6 24. Ng3 Bc7 25. d4 exd4 26. Rxe8+ Rxe8 27. Nxd4 Ne4 28. Nxe4
Bxe4 29. Qg4 f5 30. Qh4 Qd6 31. g3 Bd8 32. Bg5 Bxg5 33. Qxg5 Nc3 34. Bc4+ Kh8
35. Bf7 Rf8 36. Rb3 Qxd4 37. g4 Ne2+ 38. Kh2 Qxf2# 0-1

[Event "FIDE World Blitz 2013"]
[Site "Khanty-Mansiysk RUS"]
[Date "2013.06.10"]
[Round "28.23"]
[White "Potkin, Vladimir"]
[Black "Potapov, Pavel"]
[Result "1/2-1/2"]
[WhiteTitle "GM"]
[BlackTitle "IM"]
[WhiteElo "2647"]
[BlackElo "2460"]
[WhiteFideId "4131061"]
[BlackFideId "4169786"]
[EventDate "2013.06.09"]

1. d4 d5 2. c4 e5 3. e3 exd4 4. exd4 Nf6 5. Nc3 Be7 6. Nf3 O-O 7. cxd5 Nxd5 8.
Bd3 c6 9. O-O Be6 10. Re1 Nd7 11. a3 Re8 12. Ne4 h6 13. Qc2 N7f6 14. Nc5 Bxc5
15. dxc5 Qc7 16. Bd2 Bg4 17. Nd4 Nf4 18. Bf1 Rad8 19. Rxe8+ Rxe8 20. Re1 Rxe1
21. Bxe1 Qe5 22. Qd2 Ne4 23. Qe3 Nd5 24. Nf3 Bxf3 25. Qxf3 Nxc5 26. Qe2 Qxe2 27.
Bxe2 Kf8 28. f3 Ke7 29. Kf2 Kd6 30. Bd2 b6 31. h4 a5 32. g4 Nb3 33. Be1 b5 34.
Bd1 a4 35. Ke2 c5 36. Bg3+ Kc6 37. h5 f6 38. f4 Nc1+ 39. Kd2 Nb3+ 40. Ke2 Nd4+
41. Kd3 Kd6 42. Ke4 Ne7 43. Bf2 Ne6 44. Bg3 Nd4 45. Bf2 Ne6 46. Bg3 Nd4 1/2-1/2

[Event "FIDE World Blitz 2013"]
[Site "Khanty-Mansiysk RUS"]
[Date "2013.06.10"]
[Round "28.24"]
[White "Cherniaev, Alexander"]
[Black "Popov, Ivan RUS"]
[Result "1/2-1/2"]
[WhiteTitle "GM"]
[BlackTitle "GM"]
[WhiteElo "2447"]
[BlackElo "2632"]
[WhiteFideId "4117301"]
[BlackFideId "4170350"]
[EventDate "2013.06.09"]

1. e4 c6 2. c4 d5 3. exd5 cxd5 4. cxd5 Nf6 5. Nc3 Nxd5 6. Nf3 Nc6 7. Bb5 Nc7 8.
Ba4 g6 9. Ne5 Bd7 10. Bxc6 Bxc6 11. Nxc6 bxc6 12. O-O Bg7 13. d3 O-O 14. Be3 Nd5
15. Qc2 Nb4 16. Qa4 1/2-1/2

[Event "FIDE World Blitz 2013"]
[Site "Khanty-Mansiysk RUS"]
[Date "2013.06.10"]
[Round "28.25"]
[White "Pasiev, Rakhim"]
[Black "Kobalia, Mikhail"]
[Result "0-1"]
[WhiteTitle "IM"]
[BlackTitle "GM"]
[WhiteElo "2384"]
[BlackElo "2651"]
[WhiteFideId "24122475"]
[BlackFideId "4119150"]
[EventDate "2013.06.09"]

1. e4 e5 2. Nf3 d6 3. d4 exd4 4. Nxd4 Nf6 5. Nc3 Be7 6. Bc4 O-O 7. O-O Re8 8.
Bb3 Bf8 9. Re1 Nbd7 10. Bg5 c6 11. a3 h6 12. Bh4 Nc5 13. Qf3 g5 14. Bg3 Bg4 15.
Qe3 Ncxe4 16. Nxe4 Rxe4 17. Qd3 d5 18. f3 Rxe1+ 19. Rxe1 Bh5 20. c4 Bg6 21. Nf5
dxc4 22. Qxc4 Bxf5 23. Qxf7+ Kh8 24. Be5 Bg7 25. Rd1 Qe8 26. Qxb7 Rd8 27. Re1
Qd7 28. Qb4 Re8 29. Rd1 Qe7 30. Bd6 Qe3+ 31. Kh1 Nd5 32. Qa5 Qxb3 0-1

[Event "FIDE World Blitz 2013"]
[Site "Khanty-Mansiysk RUS"]
[Date "2013.06.10"]
[Round "28.26"]
[White "Frolyanov, Dmitry"]
[Black "Al-Sayed, Mohammed"]
[Result "0-1"]
[WhiteTitle "GM"]
[BlackTitle "GM"]
[WhiteElo "2570"]
[BlackElo "2498"]
[WhiteFideId "4151976"]
[BlackFideId "12100196"]
[EventDate "2013.06.09"]

1. e4 c5 2. Nf3 d6 3. d4 cxd4 4. Nxd4 Nf6 5. Nc3 a6 6. Be3 Nbd7 7. Be2 g6 8. O-O
Bg7 9. Re1 O-O 10. Bf1 Qc7 11. Bg5 b5 12. Nd5 Nxd5 13. exd5 Nf6 14. Nc6 e6 15.
Bxf6 Bxf6 16. Qf3 Bxb2 17. Rab1 Bg7 18. c4 bxc4 19. Bxc4 Bd7 20. Rbc1 Bxc6 21.
dxc6 d5 22. Bf1 Rfb8 23. Rc2 Rb6 24. Qg3 Rc8 25. Qa3 Rxc6 26. Rxc6 Qxc6 27. Qd3
a5 28. Rb1 Bf6 29. g3 Kg7 30. h4 Qc2 31. a3 Qxd3 32. Bxd3 Rc3 0-1